الشيخ زكريا
محفوظ في:
المؤلف الرئيسي:
التنسيق: كتاب
اللغة: Undetermined
منشور في:
Al-Qāhirah
maktab alnashr waltaalif alhadith
الوسوم: إضافة وسم
لا توجد وسوم, كن أول من يضع وسما على هذه التسجيلة!
رقم الطلب: P33 TAYM
| LEADER | 00344nam a2200121Ia 4500 | ||
|---|---|---|---|
| 008 | 240404s9999||||xx |||||||||||||| ||und|| | ||
| 050 | 4 | |a P33 TAYM | |
| 100 | 1 | |a محمود تيمور. | |
| 245 | 1 | 0 | |a الشيخ زكريا |c محمود تيمور |
| 264 | 1 | |a Al-Qāhirah |b maktab alnashr waltaalif alhadith | |
| 300 | |a 135 |c 19 | ||
| 942 | |2 lcc |c BK | ||
| 999 | |c 58103 |d 58103 | ||
